| 000 | 00555nam a2200157 i 4500 | ||
|---|---|---|---|
| 001 | 29283 | ||
| 003 | ES-MaACL | ||
| 005 | 20230906154014.0 | ||
| 007 | t| | ||
| 008 | 030121s1904 sp ||||1| spa d | ||
| 100 | 1 |
_aBallester y Castell, Rafael. _925027 |
|
| 245 | 1 | 0 |
_aBosquejo histórico sobre la instrucción pública en Mallorca / _cRafael Ballester y Castell. |
| 260 |
_aPalma de Mallorca : _b[s.n., _c1904] |
||
| 500 | _aTrabajo premiado en el certamen literario verificado en Palma de Mallorca, en Agosto de 1903. | ||
| 852 |
_aES-MaACL _jT-1060-F-12 |
||
| 999 |
_c29283 _d29283 |
||